Nhân vật phản diện trong tiểu thuyết Giông tố. Số đỏ của Vũ Trọng Phụng
Bối cảnh xã hội và quan niệm sáng tác của Vũ Trọng Phụng. Giông tố. Số đỏ - Tài năng của Vũ Trọng Phụng thể hiện qua nhân vật phản diện.
Na minha lista:
| Autor principal: | |
|---|---|
| Outros Autores: | |
| Formato: | Livro |
| Idioma: | Vietnamese |
| Publicado em: |
Đại học Đà Nẵng
ĐH Sư phạm
2008
|
| Assuntos: | |
| Tags: |
Adicionar Tag
Sem tags, seja o primeiro a adicionar uma tag!
|
| Thư viện lưu trữ: | Mạng thư viện Đại học Đà Nẵng |
|---|
| LEADER | 01201nam a2200337 4500 | ||
|---|---|---|---|
| 001 | 000010948 | ||
| 003 | 7175 | ||
| 005 | 20111223151237.0 | ||
| 008 | 111223s2008 viesd | ||
| 041 | |a vie | ||
| 072 | |a Khóa luận tốt nghiệp | ||
| 082 | |a 895.9223 |b ĐA-n | ||
| 100 | |a Đào Thị Nhung | ||
| 245 | |a Nhân vật phản diện trong tiểu thuyết Giông tố. Số đỏ của Vũ Trọng Phụng |c Đào Thị Nhung | ||
| 260 | |a Đại học Đà Nẵng |b ĐH Sư phạm |c 2008 | ||
| 300 | |a 65 tr. |c 29 cm | ||
| 500 | |a Khóa luận tốt nghiệp khoa Ngữ văn | ||
| 520 | |a Bối cảnh xã hội và quan niệm sáng tác của Vũ Trọng Phụng. Giông tố. Số đỏ - Tài năng của Vũ Trọng Phụng thể hiện qua nhân vật phản diện. | ||
| 653 | |a Giông Tố | ||
| 653 | |a Số Đỏ | ||
| 653 | |a Nhân vật phản diện | ||
| 653 | |a Vũ Trọng Phụng | ||
| 700 | |a Đinh Lựu |c TS |e Hướng dân | ||
| OWN | |a LSP | ||
| 999 | |a From the UDN01 | ||
| TYP | |a Monograph | ||
| TYP | |a Printed language | ||
| 980 | |a Mạng thư viện Đại học Đà Nẵng | ||